| 000 | 01685nam a22004217a 4500 | ||
|---|---|---|---|
| 001 | 15229741 | ||
| 003 | OSt | ||
| 005 | 20210501122230.0 | ||
| 008 | 080322s2005 vaua 000 0 eng d | ||
| 010 | _a 2008272715 | ||
| 020 | _a0976570920 | ||
| 020 | _a9780976570929 | ||
| 035 | _a(OCoLC)ocm62736139 | ||
| 040 |
_aJRZ _cJRZ _dBAKER _dBOS _dYDXCP _dJED _dDLC _beng |
||
| 041 | _aeng | ||
| 042 | _alccopycat | ||
| 043 | _an-us--- | ||
| 050 | 0 | 0 |
_aHF1118 _b.G633 2005 |
| 080 |
_a37 _bQ-23 |
||
| 082 | 0 | 4 |
_a650.076 _222 |
| 245 | 0 | 0 |
_aGMAT quantitative review : The Only Study Guide with Nearly 300 Real GMAT Questions and Answers by the Creator of the Test _bthe official guide / _cfrom the Graduate Management Admission Council. |
| 246 | 3 | _aOfficial guide for GMAT quantitative review | |
| 246 | 3 | _aQuantitative review, GMAT | |
| 260 |
_aMcLean, VA : _bGraduate Management Admission Council, _cc2005. |
||
| 300 |
_a212 p. _bill. _c28 cm. |
||
| 500 | _a"The only study guide with nearly 300 real GMAT questions, and answers by the creators of the test." | ||
| 650 | 0 |
_aGraduate Management Admission Test _vStudy guides. |
|
| 650 | 0 |
_aEducation _9318 |
|
| 650 | 0 |
_aManagement _vExaminations, questions, etc. |
|
| 650 | 0 |
_aMathematics _vExaminations, questions, etc. |
|
| 650 | 0 |
_aBusiness _vExaminations, questions, etc. |
|
| 650 | 0 |
_aUniversities and colleges _zUnited States _xGraduate work _xEntrance examinations _vStudy guides. |
|
| 653 | _aგანათლება | ||
| 710 | 2 | _aGraduate Management Admission Council. | |
| 906 |
_a7 _bcbc _ccopycat _d2 _encip _f20 _gy-gencatlg |
||
| 942 |
_2udc _cBK |
||
| 999 |
_c1293 _d1293 |
||